Catálogo

Final del siglo XIX y principios del XX : (Registro nro. 41883)

Detalles MARC
000 -LEADER
fixed length control field 01493cam a2200409 i 4500
001 - CONTROL NUMBER
control field 41883
003 - CONTROL NUMBER IDENTIFIER
control field Mx-PuUPA
005 - DATE AND TIME OF LATEST TRANSACTION
control field 20250514104044.0
008 - FIXED-LENGTH DATA ELEMENTS--GENERAL INFORMATION
fixed length control field 140415s1989 mx a gr 001 0aspa d
020 ## - INTERNATIONAL STANDARD BOOK NUMBER
International Standard Book Number 9684523769
040 ## - CATALOGING SOURCE
Transcribing agency Mx-PuUPA
Original cataloging agency Mx-PuUPA
Language of cataloging spa
Modifying agency Mx-PuUPA
Description conventions rda
041 0# - LANGUAGE CODE
Language code of text/sound track or separate title spa
043 ## - GEOGRAPHIC AREA CODE
Geographic area code e-sp---
100 1# - MAIN ENTRY--PERSONAL NAME
Personal name Baroja, Pío,
Dates associated with a name 1872-1956
9 (RLIN) 13314
Relator term autor
245 10 - TITLE STATEMENT
Title Final del siglo XIX y principios del XX :
Remainder of title Galería de tipos de la época /
Statement of responsibility, etc. Pío Baroja
250 ## - EDITION STATEMENT
Edition statement Primera edición /
Remainder of edition statement en la Colección "Sepan Cuantos..."
264 #1 - PRODUCTION, PUBLICATION, DISTRIBUTION, MANUFACTURE, AND COPYRIGHT NOTICE
Place of production, publication, distribution, manufacture México, D.F.
Name of producer, publisher, distributor, manufacturer Editorial Porrúa,
Date of production, publication, distribution, manufacture, or copyright notice 1989
300 ## - PHYSICAL DESCRIPTION
Extent 451 páginas :
Other physical details ilustraciones ;
Dimensions 22 cm
336 ## - CONTENT TYPE
Fuente rdacontent
Content type term texto
Content type code txt
337 ## - MEDIA TYPE
Source rdamedia
Media type term sin medio
Media type code n
338 ## - CARRIER TYPE
Source rdacarrier
Carrier type term volumen
Carrier type code nc
490 1# - SERIES STATEMENT
Series statement "Sepan cuantos..." ;
Volume/sequential designation 581
490 0# - SERIES STATEMENT
Series statement Desde la última vuelta del camino (Memorias)
600 14 - SUBJECT ADDED ENTRY--PERSONAL NAME
Personal name Baroja, Pío,
Dates associated with a name 1872-1956
9 (RLIN) 13314
600 14 - SUBJECT ADDED ENTRY--PERSONAL NAME
Personal name Baroja, Pío,
Dates associated with a name 1872-1956
General subdivision Viajes
Geographic subdivision Europa
650 #7 - SUBJECT ADDED ENTRY--TOPICAL TERM
Source of heading or term armarc
Topical term or geographic name entry element Autores españoles
Chronological subdivision Siglo XX
Form subdivision Biografía
650 #7 - SUBJECT ADDED ENTRY--TOPICAL TERM
Source of heading or term armarc
Topical term or geographic name entry element Autobiografías (obras literarias)
651 #4 - SUBJECT ADDED ENTRY--GEOGRAPHIC NAME
Geographic name España
General subdivision Vida intelectual
Chronological subdivision Siglo XX
740 02 - ADDED ENTRY--UNCONTROLLED RELATED/ANALYTICAL TITLE
Uncontrolled related/analytical title Final del siglo XIX y principios del XX
740 02 - ADDED ENTRY--UNCONTROLLED RELATED/ANALYTICAL TITLE
Uncontrolled related/analytical title Galería de tipos de la época
830 #0 - SERIES ADDED ENTRY--UNIFORM TITLE
Uniform title "Sepan cuantos..."
9 (RLIN) 12175
Volume/sequential designation 581
942 ## - ADDED ENTRY ELEMENTS (KOHA)
Source of classification or shelving scheme Dewey Decimal Classification
Koha item type Libro
Classification part 868.6209
Item part B22
260 ## - PUBLICATION, DISTRIBUTION, ETC.
Place of publication, distribution, etc.
Name of publisher, distributor, etc.
Date of publication, distribution, etc.
Existencias
Withdrawn status Lost status Source of classification or shelving scheme Damaged status Not for loan Collection code Home library Current library Shelving location Date acquired Source of acquisition Cost, normal purchase price Total Checkouts Full call number Barcode Date last seen Cost, replacement price Price effective from Koha item type
    Dewey Decimal Classification     General Biblioteca Karol Wojtyla Biblioteca Karol Wojtyla Sala general 03/12/2013 Donación 0.00   868.6209 B22 1989 63162 05/01/2026 0.00 03/12/2013 Libro